| 000 | 00857cam a22002774i 4500 | ||
|---|---|---|---|
| 999 |
_c33619 _d33619 |
||
| 001 | 2879 | ||
| 003 | CO-MdFUSB | ||
| 005 | 20180928170455.0 | ||
| 008 | 180227t1974 sp ||||| |||| 00| 0 spa d | ||
| 020 | _a84-254-0910-1 | ||
| 040 |
_aCO-MdFUSB _bspa _cCO-MdFUSB _dCO-MdFUSBC _erda |
||
| 041 | 0 |
_aspa _hger |
|
| 082 | 0 | 4 |
_aG 227 _223 _bS7751c |
| 100 | 1 |
_aStaab, Karl _eautor |
|
| 245 | 1 | 0 |
_aCartas a los Tesalonicenses _b : cartas de la cautividad y cartas pastorales _c/ Karl Staab, Norbert Brox |
| 250 | _a1 | ||
| 264 | 1 |
_aBarcelona, España : _bHerder, _c℗[1974] |
|
| 264 | 4 | _c©1974 | |
| 300 |
_a781 páginas ; _c22 cm |
||
| 336 |
_2rdacontent _atexto _btxt |
||
| 337 |
_2rdamedia _asin mediación _bn |
||
| 338 |
_2rdacarrier _avolumen _bnc |
||
| 653 | _aBiblia N.T. - Literatura paulina - Comentarios | ||
| 942 | _cBK | ||